00266nam a2200109Ia 4500003000400000005001700004008004100021020001800062040002000080100001700100245003900117OSt20231213104829.0170524s9999 xx 000 0 und d a9780070486782 cIIMT UNIVERSITY aLONEY- KEVIN 0aORACLE 9I : THE COMPLETE REFERENCE